[Event "Skopje ol (Men) fin-A"]
[Site "Skopje"]
[Date "1972.10.12"]
[Round "15.1"]
[White "Gheorghiu, Florin"]
[Black "Petrosian, Tigran V"]
[Result "1/2-1/2"]
[WhiteElo "2520"]
[BlackElo "2645"]

1. d4 Nf6 2. c4 c5 3. Nf3 cxd4 4. Nxd4 g6 5. Nc3 d5 6. cxd5 Nxd5 7. Ndb5 Nxc3  8. Qxd8+ Kxd8 9. Nxc3 Bg7 10. Bd2 Nc6 11. g3 Be6 12. Bg2 Rc8 13. O-O Ke8 14.  Rfc1 b6 15. Nd1 Kd7 16. Bc3 Bxc3 17. Nxc3 Rhd8 18. Rd1+ Ke8 19. Rxd8+ Nxd8 20.  f4 Rc5 21. Rd1 f6 22. Bd5 Bxd5 23. Rxd5 Rc8 24. Kf2 Nb7 25. Ke3 Na5 26. Kd3 Nc6  27. Ke3 e6 28. Rd3 Ke7 29. Kd2 Na5 30. b3 Nc6 31. a3 f5 32. Nb5 1/2-1/2

[Event "Skopje ol (Men) fin-A"]
[Site "Skopje"]
[Date "1972.10.12"]
[Round "15.1"]
[White "Hamann, Svend"]
[Black "Hug, Werner"]
[Result "1/2-1/2"]
[WhiteElo "2490"]
[BlackElo "2475"]

1. d4 Nf6 2. c4 c5 3. Nf3 g6 4. Nc3 cxd4 5. Nxd4 Nc6 6. Nc2 Bg7 7. e4 O-O 8.  Be2 d6 9. O-O b6 10. Qd2 Bb7 11. b3 Rc8 12. Rb1 Qc7 13. Bb2 a6 14. Ne3 Ne5 15.  f4 Ned7 16. Bf3 Rfe8 17. Rbc1 Qb8 18. Rfd1 Qa8 19. Ned5 b5 20. cxb5 axb5 21.  Nxb5 Bxd5 22. Bxf6 Bxe4 23. Bxe4 Qxe4 24. Bxg7 Kxg7 25. Nc7 Red8 26. Re1 Qb7  27. Qd4+ Kg8 28. Nd5 e5 29. Ne7+ Kg7 30. Qxd6 Qa7+ 31. Kh1 Rxc1 32. Rxc1 Qe3  33. Rd1 exf4 34. Nd5 Qf2 35. Nxf4 Re8 36. h3 Nf6 37. Qd2 Ne4 38. Qc1 Qxa2 39.  Qa1+ Qxa1 40. Rxa1 Rb8 1/2-1/2

[Event "Skopje ol (Men) fin-A"]
[Site "Skopje"]
[Date "1972.10.12"]
[Round "15.1"]
[White "Portisch, Lajos"]
[Black "Pfleger, Helmut"]
[Result "1/2-1/2"]
[WhiteElo "2640"]
[BlackElo "2545"]

1. d4 Nf6 2. c4 e6 3. Nc3 d5 4. cxd5 exd5 5. Bg5 Be7 6. e3 h6 7. Bh4 O-O 8. Bd3  c5 9. dxc5 Nbd7 10. Nge2 Nxc5 11. O-O Be6 12. Bc2 Rc8 13. Qd4 Qb6 14. Rab1 Rfd8  15. Rfc1 Qa6 16. h3 b6 17. Qd1 Nce4 18. Bd3 Qb7 19. Nb5 Qd7 20. Nbd4 Rc5 21. f3  Nd6 22. Nf4 Bf5 23. Bf2 Rdc8 24. g4 Bxd3 25. Nxd3 Rxc1 26. Rxc1 Rxc1 27. Qxc1  Qa4 28. Qb1 Nb5 29. b3 Qa6 30. Nf5 Bf8 31. a4 Nc7 32. Bh4 Nd7 33. Nd4 Ne6 34.  Nxe6 fxe6 35. Nf4 Ne5 36. Bf2 Nxf3+ 37. Kg2 Nd2 38. Qd1 Bb4 39. Nxe6 Qd3 40.  Nd4 Qe4+ 41. Kg1 Bc3 42. Nf5 Qd3 43. Kg2 Be5 44. Nh4 Qe4+ 45. Kg1 Bc3 46. Nf5  a5 47. Ng3 Qd3 48. Kg2 g6 49. Qe2 Qb1 50. Qb5 Qxb3 51. Qe8+ Kh7 52. Qf7+ Bg7  53. Nf5 gxf5 54. Qxf5+ Kg8 55. Qe6+ Kf8 56. Qd6+ Ke8 57. Qe6+ 1/2-1/2

[Event "Skopje ol (Men) fin-A"]
[Site "Skopje"]
[Date "1972.10.12"]
[Round "15.2"]
[White "Hecht, Hans Joachim"]
[Black "Bilek, Istvan"]
[Result "1/2-1/2"]
[WhiteElo "2485"]
[BlackElo "2485"]

1. e4 c5 2. Nf3 d6 3. Bb5+ Bd7 4. Bxd7+ Qxd7 5. O-O Nc6 6. c4 g6 7. d4 cxd4 8.  Nxd4 Bg7 9. Be3 Nf6 10. f3 O-O 11. Nc3 1/2-1/2

[Event "Skopje ol (Men) fin-A"]
[Site "Skopje"]
[Date "1972.10.12"]
[Round "15.2"]
[White "Jansson, Borje"]
[Black "Ivkov, Borislav"]
[Result "1/2-1/2"]
[WhiteElo "2410"]
[BlackElo "2520"]

1. c4 e5 2. Nc3 Nf6 3. Nf3 d6 4. d4 Nbd7 5. Bg5 Be7 6. e3 O-O 7. Be2 c6 8. Qc2  Ne8 9. Bxe7 Qxe7 10. b4 Nef6 11. O-O e4 12. Nd2 Re8 13. Rfd1 h5 14. Nf1 a6 15.  Rab1 h4 16. h3 Nh7 17. d5 c5 18. Na4 cxb4 19. Rxb4 Ng5 20. Bg4 1/2-1/2

[Event "Skopje ol (Men) fin-A"]
[Site "Skopje"]
[Date "1972.10.12"]
[Round "15.2"]
[White "Korchnoi, Viktor"]
[Black "Ciocaltea, Victor"]
[Result "1-0"]
[WhiteElo "2640"]
[BlackElo "2470"]

1. d4 Nf6 2. c4 g6 3. Nc3 Bg7 4. g3 O-O 5. Bg2 d6 6. Nf3 Nc6 7. O-O Bg4 8. d5  Na5 9. b3 c5 10. Bb2 a6 11. Qc2 Rb8 12. Nd2 b5 13. Rfe1 Qc7 14. Nd1 Rb7 15. Bc3  Rfb8 16. f4 bxc4 17. bxc4 Ne8 18. Nf2 Bd7 19. Nd3 Ra7 20. Bxg7 Nxg7 21. Qc3 Nb7  22. e4 Qa5 23. Qb2 Raa8 24. Nb3 Qd8 25. Qc3 a5 26. a4 Qc7 27. Nd2 Nd8 28. h3 h5  29. f5 gxf5 30. e5 Ra7 31. Nf4 Rab7 32. e6 fxe6 33. dxe6 Bc6 34. Bd5 Rb2 35.  Rf1 Qb7 36. Nxh5 Nxh5 37. Rxf5 Nf6 38. Rg5+ Kh8 39. Rf1 Rxd2 40. Qxd2 1-0

[Event "Skopje ol (Men) fin-A"]
[Site "Skopje"]
[Date "1972.10.12"]
[Round "15.2"]
[White "Lombard, Andre"]
[Black "Jakobsen, Ole"]
[Result "1/2-1/2"]
[WhiteElo "2380"]
[BlackElo "2440"]

1. d4 Nf6 2. c4 e6 3. Nf3 c5 4. d5 exd5 5. cxd5 d6 6. g3 g6 7. Bg2 Bg7 8. O-O  O-O 9. Nc3 a6 10. a4 Re8 11. Nd2 Nbd7 12. Nc4 Ne5 13. Na3 Rb8 14. h3 Nh5 15.  Kh2 f5 16. f4 Nf7 17. Bd2 Bd7 18. Rb1 b5 19. b4 cxb4 20. Rxb4 bxa4 21. Nxa4  Rxb4 22. Bxb4 Bxa4 23. Qxa4 Rxe2 24. Re1 Qe7 25. Rxe2 Qxe2 26. Qc2 Qxc2 27.  Nxc2 Nf6 28. Ne3 Ne4 29. g4 Bd4 30. gxf5 Bxe3 31. Bxe4 Bxf4+ 32. Kg2 g5 33. Bd3  Kg7 34. f6+ Kxf6 35. Bxh7 Ke5 36. Bd3 Kxd5 37. Bxa6 Kd4 38. Kf3 Ne5+ 39. Ke2 d5  40. Bd6 Ng6 41. Bd3 Nh8 42. Be7 Ke5 43. Kf3 Ke6 44. Bb4 Nf7 45. Bc3 Be5 46. Be1  Bf6 47. Bg3 Be5 48. Be1 Bh2 49. Bc3 Bg1 50. Kg4 d4 51. Bxd4 Bxd4 52. Bc4+  1/2-1/2

[Event "Skopje ol (Men) fin-A"]
[Site "Skopje"]
[Date "1972.10.12"]
[Round "15.2"]
[White "Malich, Burkhard"]
[Black "Medina Garcia, Antonio Angel"]
[Result "1/2-1/2"]
[WhiteElo "2490"]
[BlackElo "2380"]

1. c4 Nf6 2. Nf3 e6 3. b3 b6 4. g3 Bb7 5. Bg2 c5 6. Bb2 Be7 7. O-O O-O 8. Nc3  d5 9. cxd5 Nxd5 10. Rc1 Nd7 11. Qc2 Rc8 12. Rfd1 Qc7 13. Qb1 Qb8 14. Ne4 N5f6  15. Nc3 Nd5 16. d3 Nxc3 17. Bxc3 Bf6 18. Qb2 Rfd8 19. a3 h6 20. Rc2 Bxc3 21.  Qxc3 Qd6 22. Rdc1 Nf6 23. Qe5 Qd7 24. Qb2 Qe7 25. h3 Kf8 26. b4 cxb4 27. axb4  Rxc2 28. Rxc2 Rc8 29. Rxc8+ Bxc8 30. Ne5 a6 31. Qd4 Qc7 32. Nc4 Nd7 33. Qd6+  Qxd6 34. Nxd6 a5 35. bxa5 bxa5 36. Nc4 a4 37. Bc6 Nc5 38. d4 Ba6 39. Na3 Bb7  40. Bb5 Nb3 41. e3 Nd2 42. Bxa4 e5 43. dxe5 Nf3+ 44. Kf1 Ke7 45. Bd1 Nxe5 46.  Nb1 f5 47. Nc3 g5 48. f4 Nc4 49. Kf2 Nd6 50. Bc2 Kf6 51. Bd3 Bc6 52. Ne2 Bb7  53. Nd4 Bd5 54. Kg1 Bf7 55. Nf3 Be6 56. Nd4 Nb7 57. Nc6 Bd5 58. Nd4 Nd6 59. Bf1  Bf7 60. Bg2 Bc4 61. Kf2 Ba6 62. Bd5 Bd3 63. Nf3 Ba6 64. h4 gxf4 65. gxf4 Nc8  66. Ne5 Nd6 67. Ke1 Bb5 68. Kd2 Be8 69. Kc3 Nc8 70. Kd4 Ne7 71. Bf3 Ke6 72. Kc5  Ng6 73. Bh5 Nxf4 74. Bxe8 Kxe5 1/2-1/2

[Event "Skopje ol (Men) fin-A"]
[Site "Skopje"]
[Date "1972.10.12"]
[Round "15.2"]
[White "Pytel, Krzysztof"]
[Black "Benko, Pal C"]
[Result "0-1"]
[WhiteElo "2380"]
[BlackElo "2515"]

1. Nf3 Nf6 2. c4 e6 3. g3 d5 4. Bg2 Be7 5. O-O O-O 6. d4 Nbd7 7. Nc3 c6 8. b3  b6 9. Bb2 Ba6 10. Nd2 b5 11. c5 b4 12. Na4 Qc7 13. Re1 Rfb8 14. e4 dxe4 15.  Nxe4 Nxe4 16. Bxe4 Nf6 17. Bg2 Nd5 18. Bxd5 exd5 19. Bc1 Re8 20. Bf4 Qb7 21.  Qd2 Qb5 22. Be5 Bf8 23. Bd6 Rxe1+ 24. Rxe1 Re8 25. Kg2 Rxe1 26. Qxe1 Qd3 27.  Qe5 Qd1 28. Kh3 Bc8+ 29. Kg2 Ba6 30. Kh3 Qf3 31. Qe8 Bf1+ 32. Kh4 Qf6+ 33. Kg4  h5+ 34. Kxh5 Qf5+ 35. Kh4 g5+ 36. Kh5 Qg6+ 37. Kg4 f5+ 38. Kf3 Qxe8 39. Be5 g4+  40. Ke3 Bh6+ 0-1

[Event "Skopje ol (Men) fin-A"]
[Site "Skopje"]
[Date "1972.10.12"]
[Round "15.2"]
[White "Ree, Hans"]
[Black "Smejkal, Jan"]
[Result "1/2-1/2"]
[WhiteElo "2480"]
[BlackElo "2545"]

1. c4 e5 2. Nc3 Nf6 3. Nf3 Nc6 4. g3 d5 5. cxd5 Nxd5 6. Bg2 Be6 7. O-O Be7 8.  d4 Nxc3 9. bxc3 e4 10. Nd2 f5 11. f3 exf3 12. Bxf3 O-O 13. Rb1 Na5 14. Nb3 Nxb3  15. axb3 Bd5 16. Bf4 Bxf3 17. exf3 Bd6 18. Qd2 Qf6 19. Rfe1 1/2-1/2

[Event "Skopje ol (Men) fin-A"]
[Site "Skopje"]
[Date "1972.10.12"]
[Round "15.3"]
[White "Bellon Lopez, Juan Manuel"]
[Black "Schoeneberg, Manfred"]
[Result "1/2-1/2"]
[WhiteElo "2385"]
[BlackElo "2470"]

1. b3 e5 2. Bb2 Nc6 3. e3 Nf6 4. Bb5 d6 5. Ne2 Be7 6. d4 exd4 7. Nxd4 Bd7 8.  Bxc6 bxc6 9. Qf3 d5 10. Nf5 Bxf5 11. Qxf5 Qd7 12. Qf3 O-O 13. Nd2 Qg4 14. O-O  Qg6 15. Rac1 Rfd8 16. Rfd1 Rd7 17. c4 Rad8 18. cxd5 Rxd5 19. Nc4 Qe4 20. Rxd5  cxd5 21. Ne5 Bf8 22. Nc6 Rd6 23. Qxe4 dxe4 24. Nxa7 Ra6 25. Bxf6 gxf6 26. Rxc7  Rxa2 27. g4 h5 28. Nb5 hxg4 29. Rc8 Kg7 30. Nd4 Ra5 31. Rb8 Bd6 32. Rb5 Ra1+  33. Kg2 Be5 34. Nc6 Rb1 35. Nxe5 fxe5 36. Rxe5 Rxb3 37. Kg3 f6 38. Rxe4 f5 39.  Rf4 Kg6 40. h3 gxh3 41. Kxh3 Rb2 42. Kg3 Kg5 43. Ra4 Rb6 44. Ra5 Kf6 45. Kh4  Rb4+ 46. f4 Rb6 47. Ra8 Re6 48. Rf8+ Kg6 49. Rg8+ Kf7 50. Rg5 Rxe3 51. Rxf5+  1/2-1/2

[Event "Skopje ol (Men) fin-A"]
[Site "Skopje"]
[Date "1972.10.12"]
[Round "15.3"]
[White "Debarnot, Roberto Luis"]
[Black "Padevsky, Nikola"]
[Result "1/2-1/2"]
[WhiteElo "2375"]
[BlackElo "2430"]

1. d4 d5 2. c4 dxc4 3. Nf3 Nf6 4. e3 e6 5. Bxc4 c5 6. O-O a6 7. Qe2 b5 8. Bb3  Bb7 9. Rd1 Nbd7 10. a4 b4 11. a5 1/2-1/2

[Event "Skopje ol (Men) fin-A"]
[Site "Skopje"]
[Date "1972.10.12"]
[Round "15.3"]
[White "Filip, Miroslav"]
[Black "Timman, Jan H"]
[Result "1/2-1/2"]
[WhiteElo "2510"]
[BlackElo "2480"]

1. d4 Nf6 2. c4 e6 3. Nf3 b6 4. g3 Be7 5. Bg2 Bb7 6. O-O O-O 7. Nc3 Ne4 8. Qc2  Nxc3 9. Qxc3 d6 10. b3 c5 11. Bb2 Bf6 12. Qd2 Qe7 13. Rad1 Rd8 14. Rfe1 1/2-1/2

[Event "Skopje ol (Men) fin-A"]
[Site "Skopje"]
[Date "1972.10.12"]
[Round "15.3"]
[White "Ghitescu, Theodor"]
[Black "Tal, Mikhail "]
[Result "1/2-1/2"]
[WhiteElo "2450"]
[BlackElo "2625"]

1. c4 e5 2. Nc3 d6 3. d4 exd4 4. Qxd4 Nc6 5. Qd2 Be6 6. b3 Nf6 7. e4 g6 8. Bb2  Bg7 9. g3 Ne5 10. f4 Ned7 11. Bg2 O-O 12. Nge2 Nc5 13. O-O c6 14. Nd4 Qb6 15.  Kh1 Bd7 16. Rae1 Rfe8 17. Ba1 a5 18. Nc2 Rad8 19. h3 Bc8 20. Kh2 Re7 21. Re2  Qc7 22. Rd1 Ree8 23. Nd4 Rd7 24. Rde1 Qb6 25. Nc2 Rde7 26. Bf3 h5 27. Re3 Qa7  28. R3e2 Qb6 29. Re3 Be6 30. R3e2 Qc7 31. Nd4 Bd7 32. Nc2 Kh7 33. Nd4 Bc8 34.  Nc2 Qb6 35. Re3 Rd8 36. R3e2 Be6 37. Nd5 cxd5 38. exd5 Rde8 39. dxe6 Rxe6 40.  Rxe6 Rxe6 41. Rxe6 fxe6 42. Bd4 Qc7 43. Bxc5 Qxc5 44. Nd4 Ne4 45. Bxe4 Qxd4 46.  Qxd4 Bxd4 47. Bxb7 Kg8 48. Kg2 Kf7 49. Kf3 Bc5 50. Be4 Ba3 51. g4 hxg4+ 52.  hxg4 Kf6 53. g5+ Kf7 1/2-1/2

[Event "Skopje ol (Men) fin-A"]
[Site "Skopje"]
[Date "1972.10.12"]
[Round "15.3"]
[White "Martz, William E"]
[Black "Filipowicz, Andrzej"]
[Result "1/2-1/2"]
[WhiteElo "2420"]
[BlackElo "2405"]

1. c4 g6 2. e4 Bg7 3. d4 d6 4. Nc3 c6 5. Be3 Nf6 6. f3 a6 7. e5 Ng8 8. f4 Nh6  9. Nf3 O-O 10. Be2 Ng4 11. Bg1 f6 12. h3 Nh6 13. exd6 Qxd6 14. Qd2 Be6 15. Bf2  Bf7 16. O-O Nd7 17. Rad1 Rad8 18. Rfe1 Qb8 19. Qc1 Rfe8 20. Bf1 Kh8 21. b3 Nf5  22. g4 Nd6 23. Bg2 Bg8 24. Re2 e5 25. dxe5 fxe5 26. Red2 e4 27. Rxd6 exf3 28.  Bxf3 Nf8 29. c5 Rxd6 30. Rxd6 Qc7 31. Qd2 Qe7 32. Kg2 Ne6 33. Ne2 Qf7 34. Rd7  Re7 35. Rxe7 Qxe7 36. Qd6 Qf7 37. b4 Nc7 38. Bd4 Nd5 39. Bxg7+ Qxg7 40. a3 Ne3+  41. Kf2 Nc4 42. Qd3 a5 43. Qc3 Qxc3 44. Nxc3 Nxa3 45. bxa5 Bc4 46. Ne4 Nc2 47.  Nd6 Ba6 48. Be2 Kg7 49. Bxa6 bxa6 50. Kf3 Nd4+ 51. Ke4 Nb3 52. Nb7 Kf6 53. f5  gxf5+ 54. gxf5 Nd2+ 55. Kf4 Nb3 56. Kg4 Nd4 57. Kh5 Nxf5 58. Nd8 Kg7 59. Ne6+  Kf7 60. Nc7 Nd4 61. Kh6 Kg8 62. h4 Nb3 63. Nxa6 Nxa5 64. Nb8 Nb3 65. Nd7 Kh8  66. h5 Kg8 67. Nf6+ Kh8 68. Ne4 Kg8 69. Kg5 Kg7 70. h6+ Kf7 1/2-1/2

[Event "Skopje ol (Men) fin-A"]
[Site "Skopje"]
[Date "1972.10.12"]
[Round "15.3"]
[White "Sloth, Jorn"]
[Black "Wirthensohn, Heinz"]
[Result "0-1"]
[WhiteElo "2385"]
[BlackElo "2315"]

1. c4 e5 2. Nc3 Nf6 3. Nf3 Nc6 4. g3 Bb4 5. Bg2 O-O 6. O-O e4 7. Ng5 Bxc3 8.  bxc3 Re8 9. d3 exd3 10. exd3 d6 11. Ne4 Nxe4 12. Bxe4 Ne5 13. Qh5 g6 14. Qh6  Qf6 15. Bg5 Nf3+ 16. Bxf3 Qxf3 17. Rae1 Bd7 18. Re3 Qf5 19. Rfe1 Re6 20. Rxe6  fxe6 21. Re4 e5 22. Rh4 Qf7 23. d4 b6 24. Be3 Rf8 25. d5 Bf5 26. a3 Qd7 27. Qg5  Bd3 28. h3 Rf5 29. Qh6 Bxc4 30. Bxb6 Bxd5 31. Bxa7 c5 32. Bb8 Qb7 0-1

[Event "Skopje ol (Men) fin-A"]
[Site "Skopje"]
[Date "1972.10.12"]
[Round "15.4"]
[White "Dueball, Juergen"]
[Black "Csom, Istvan"]
[Result "1-0"]
[WhiteElo "2425"]
[BlackElo "2485"]

1. e4 c5 2. Nf3 d6 3. d4 cxd4 4. Nxd4 Nf6 5. Nc3 Nc6 6. Bg5 Bd7 7. Qd2 Nxd4 8.  Qxd4 e6 9. O-O-O Qa5 10. f4 Be7 11. Bc4 Rd8 12. Rhf1 h6 13. Bh4 b5 14. Bb3 b4  15. e5 dxe5 16. fxe5 Bc5 17. Qc4 bxc3 18. exf6 g5 19. Be1 Be3+ 20. Kb1 Bd2 21.  Bxd2 cxd2 22. Rxd2 O-O 23. Rfd1 Bb5 24. Qc3 Qxc3 25. bxc3 Rxd2 26. Rxd2 Rc8 27.  Kb2 Kh7 28. a4 Bc6 29. c4 Kg6 30. Rf2 g4 31. Kc3 h5 32. Kd4 a5 33. Ke5 Kg5 34.  c5 h4 35. c3 g3 36. hxg3 hxg3 37. Rd2 Be8 38. Rd3 Kh4 39. Rd4+ Kg5 40. Rc4 Bc6  41. Bd1 Rd8 42. Rg4+ Kh6 43. Bb3 Rd3 44. Kf4 Rd2 45. Rxg3 Bxg2 46. Bxe6 Rf2+  47. Ke3 Rxf6 48. Bxf7 Bc6 49. Bb3 Rg6 50. Rh3+ Kg7 51. Kf4 Be8 52. Ke5 Rc6 53.  Rg3+ Kf8 54. Bd5 Rh6 55. Rg8+ Ke7 56. Rg7+ Kd8 57. Be6 Bxa4 58. Kd6 Be8 59. Rb7  1-0

[Event "Skopje ol (Men) fin-A"]
[Site "Skopje"]
[Date "1972.10.12"]
[Round "15.4"]
[White "Gereben, Erno"]
[Black "Holm, Sejer"]
[Result "1/2-1/2"]
[WhiteElo "2335"]
[BlackElo "2395"]

1. d4 c6 2. e4 e6 3. Nf3 d6 4. c4 Ne7 5. Nc3 g6 6. Bg5 Bg7 7. Qd2 h6 8. Be3 Nd7  9. Bd3 c5 10. d5 exd5 11. exd5 Nf6 12. O-O Bg4 13. Rfe1 Kf8 14. Kh1 Bxf3 15.  gxf3 Qd7 16. Ne2 Nf5 17. Ng1 Nh5 18. Bf1 Nd4 19. Bh3 Qd8 20. Rab1 a5 21. Bg4  Qh4 22. Bxh5 Qxh5 23. Bxd4 Bxd4 24. Re4 Kg7 25. Rbe1 Be5 26. f4 Bf6 27. a4 Qf5  28. f3 h5 29. Ne2 Qh3 30. Ng1 Qd7 31. b3 b6 32. Kg2 Rae8 33. Qe2 Rxe4 34. Qxe4  Rd8 35. Nh3 Kf8 36. Ng5 Bxg5 37. fxg5 Re8 38. Qxe8+ Qxe8 39. Rxe8+ Kxe8 40. Kg3  Kd8 41. Kf4 Kc8 1/2-1/2

[Event "Skopje ol (Men) fin-A"]
[Site "Skopje"]
[Date "1972.10.12"]
[Round "15.4"]
[White "Hartoch, Robert G"]
[Black "Trapl, Jindrich"]
[Result "1/2-1/2"]
[WhiteElo "2430"]
[BlackElo "2315"]

1. c4 g6 2. e4 Bg7 3. d4 d6 4. Nc3 Nf6 5. Be2 O-O 6. Bg5 c5 7. dxc5 Qa5 8. Bd2  Qxc5 9. h3 Be6 10. b3 Nc6 11. Nf3 Nd4 12. O-O Nxf3+ 13. Bxf3 Nd7 14. Rc1 a6 15.  Be2 Rac8 16. Nd5 Bxd5 17. exd5 a5 18. Qe1 Ra8 19. Kh1 b6 1/2-1/2

[Event "Skopje ol (Men) fin-A"]
[Site "Skopje"]
[Date "1972.10.12"]
[Round "15.4"]
[White "Liljedahl, Lennart"]
[Black "Matulovic, Milan"]
[Result "1/2-1/2"]
[WhiteElo "2260"]
[BlackElo "2525"]

1. e4 c5 2. Nc3 Nc6 3. g3 g6 4. Bg2 Bg7 5. d3 d6 6. f4 e6 7. Nf3 Nge7 8. O-O  O-O 9. Ne2 Rb8 10. a4 b6 11. c3 Ba6 12. Be3 d5 13. e5 d4 14. cxd4 Nf5 15. Bf2  cxd4 16. Qd2 Ne3 17. Bxe3 dxe3 18. Qxe3 Qxd3 19. Qxd3 Bxd3 20. Rfc1 Nb4 21.  Ned4 Rfc8 22. Ne1 Rxc1 23. Rxc1 Rd8 24. Nc6 Nxc6 25. Nxd3 Rxd3 26. Bxc6 Bf8 27.  Rc2 Rb3 28. Bb5 Bc5+ 29. Kh1 g5 30. fxg5 Bd4 31. Rc8+ Kg7 32. Rc7 Bxe5 33. Rxa7  Rxb2 34. Bc4 Kg8 35. Ra8+ Kg7 36. Ra7 Kg8 37. Ra8+ Kg7 38. Ra7 Kg6 39. Bd3+ Kg7  40. Bc4 1/2-1/2

[Event "Skopje ol (Men) fin-A"]
[Site "Skopje"]
[Date "1972.10.12"]
[Round "15.4"]
[White "Vogt, Lothar"]
[Black "Visier Segovia, Fernando"]
[Result "1-0"]
[WhiteElo "2390"]
[BlackElo "2365"]

1. e4 c5 2. Nf3 e6 3. d3 Nc6 4. g3 d6 5. Bg2 Nf6 6. O-O Be7 7. c3 c4 8. Bg5  cxd3 9. Qxd3 O-O 10. Nbd2 Qc7 11. Rad1 Rd8 12. Nd4 Qa5 13. Bxf6 gxf6 14. b4 Qa4  15. N4b3 Bd7 16. f4 Rac8 17. g4 Kh8 18. Kh1 Rc7 19. Rf3 Rg8 20. Rh3 Rg7 21. Rh5  a6 22. Re1 Qxa2 23. e5 d5 24. Re3 Nxb4 25. cxb4 Bb5 26. Qd4 Rc4 27. Qa7 Rc1+  28. Nxc1 Qxd2 29. h3 Qxc1+ 30. Kh2 d4 31. Qxd4 fxe5 32. Qxe5 Bxb4 33. Qb8+ Rg8  34. Qe5+ Rg7 35. Rg5 1-0